000 00446nam a22001697a 4500
003 NUST - PNEC
005 20170116180905.0
008 150902b xxu||||| |||| 00| 0 eng d
020 _a0582297990
040 _cLIBRARY
082 _a621 OGR
100 _96587
_aOgrodnik, Peter J. Dr.
245 _aFundamental engineering mechanics
_cDr Peter J Ogrodnik
260 _cc.1997
650 _96594
_aMechanical Engineering
_xME
942 _2ddc
_cBK
999 _c65071
_d65071